Statistics for FIFA VM

Click here to take the quiz!

General Stats

  • This quiz has been taken 398 times
  • The average score is 52 of 80

Answer Stats

#Bästa placeringLand% Correct
12Runners-upSverige
99%
21VinnareBrasilien
96%
17VinnareArgentina
95%
15VinnareFrankrike
95%
19VinnareTyskland/Västtyskland
95%
15VinnareSpanien
93%
5KvartsfinalDanmark
92%
18VinnareItalien
92%
15VinnareEngland
91%
114:de platsRyssland/Sovjet
91%
3ÅttondelsfinalNorge
88%
103:e platsUSA
88%
73:e platsPortugal
86%
6ÅttondelsfinalJapan
85%
53:e platsKroatien
85%
10Runners-upHolland
83%
104:de platsSydkorea
83%
5ÅttondelsfinalAustralien
82%
134:de platsBelgien
81%
83:e platsPolen
81%
13VinnareUruguay
81%
93:e platsChile
78%
3ÅttondelsfinalGrekland
77%
5GruppstegIran
77%
16KvartsfinalMexico
77%
3KvartsfinalIrland
76%
1GruppstegKina
76%
3ÅttondelsfinalSerbien/Serbien & Montenegro
76%
6KvartsfinalColombia
75%
1Island
75%
3GruppstegSydafrika
75%
3GruppstegEgypten
74%
1GruppstegKanada
73%
11KvartsfinalSchweiz
73%
1KvartsfinalUkraina
72%
9Runners-upTjeckien/Tjeckoslovakia
71%
73:e platsÖsterrike
70%
23:platsTurkiet
70%
5KvartsfinalPeru
69%
1ÅttondelsfinalSlovakien
69%
8KvartsfinalParaguay
68%
7KvartsfinalRumänien
65%
5ÅttondelsfinalSaudi Arabien
65%
9Runners-upUngern
65%
74:de platsBulgarien
63%
6ÅttondelsfinalNigeria
62%
5ÅttondelsfinalMarocko
61%
2KvartsfinalNordkorea
61%
1GruppstegIrak
60%
8GruppstegSkottland
60%
2GruppstegSlovenien
60%
4ÅttondelsfinalAlgeriet
58%
1GruppstegBosnien & Herzegovina
57%
1KvartsfinalWales
57%
5GruppstegTunisien
56%
3GruppstegBolivia
55%
3KvartsfinalGhana
55%
3GruppstegHonduras
54%
1Panama
54%
2KvartsfinalSenegal
54%
5KvartsfinalCosta Rica
53%
3ÅttondelsfinalEcuador
50%
7KvartsfinalKamerun
49%
3GruppstegElfenbenskusten
48%
3KvartsfinalNordirland
44%
1GruppstegZaire
44%
1GruppstegIsrael
43%
1GruppstegJamaica
43%
1KvartsfinalKuba
39%
94:de platsJugoslavien
38%
1GruppstegAngola
32%
2GruppstegEl Salvador
32%
1GruppstegTrinidad & Tobago
30%
1GruppstegNederländska Ostindien
29%
2GruppstegNya Zealand
29%
1GruppstegHaiti
27%
1GruppstegTogo
25%
1ÅttondelsfinalÖsttyskland
24%
1GruppstegKuwait
17%
1GruppstegFörenta Arab Emiraten
13%

Score Distribution

Percentile by Number Answered

Percent of People with Each Score

Your Score History

You have not taken this quiz